000 00397pab a2200157 454500
008 180718b2007 xxu||||| |||| 00| 0 eng d
100 _aRidge, Tess
245 _aIt's a family affair: low-income children's perspectives on maternal work
260 _c2007
300 _ap.399-416.
362 _aJul
650 _aFamily
773 _aJournal of Social Policy
908 _aN
909 _a75578
999 _c75578
_d75578